Welcome to the Holygrace Academy Library

Please use search bar below to get started

BIOLOGICAL SCIENCE (Record no. 1978)

MARC details
000 -LEADER
fixed length control field 00346nam a22001457a 4500
020 ## - INTERNATIONAL STANDARD BOOK NUMBER
ISBN 0-13-081923-9
082 ## - DEWEY DECIMAL CLASSIFICATION NUMBER
Classification number 574
Item number FRE/B
100 ## - MAIN ENTRY--AUTHOR NAME
Personal name FREEMAN, SCOTT
245 ## - TITLE STATEMENT
Title BIOLOGICAL SCIENCE
250 ## - EDITION STATEMENT
Edition statement STUDENT EDITION
260 ## - PUBLICATION, DISTRIBUTION, ETC. (IMPRINT)
Place of publication UNITED STATES
Name of publisher PRENTICE HALL
Year of publication 2002
300 ## - PHYSICAL DESCRIPTION
Other physical details CD
650 ## - SUBJECT ADDED ENTRY--TOPICAL TERM
Topical Term GENERAL KNOWLEDGE
Geographic subdivision UNITED STATES
942 ## - ADDED ENTRY ELEMENTS (KOHA)
Koha item type Books
Holdings
Withdrawn status Lost status Collection code Home library Current library Shelving location Date acquired Source of acquisition Full call number Accession Number Koha item type
    Reference Main Library Main Library SHELF 1-D ENCYCLOPEDIAS G K REFERENCE 10/10/2006 purchase 574 FRE/B 03307 Books